[Event "CHN-ch Rapid Women 2017"]
[Site "Shenzhen"]
[Date "2017.12.07"]
[Round "6"]
[White "Zhang, Xiaowen"]
[Black "Huang, Qian"]
[Result "1/2-1/2"]
[WhiteElo "2332"]
[BlackElo "2438"]
[Annotator "TA"]
[PlyCount "24"]
[EventDate "2017.??.??"]
[EventType "rapid"]
[EventCountry "CHN"]
[SourceTitle "playchess.com"]
[Source "ChessBase"]
[SourceQuality "1"]

{[%evp 14,24,62,42,49,21,32,16,44,28,36,-10,-6]} 1. e4 d5 2. exd5 Qxd5 3. Nc3 Qd8 4. d4 g6 5. Nf3 Bg7 6. Bc4 Nf6 {B01: Scandinavian Defence} 7. O-O O-O 8. h3 {LiveBook: 15 Games} Nc6 {White is slightly better.} (8... a6 9. a4 Nc6 10. Ne2 b6 11. c3 Bb7 12. b4 Ne4 13. Bb3 {1-0 (46) Van Foreest,J (2600)-Admiraal,M (2447) Vlissingen 2017}) 9. a3 b6 $146 ({Predecessor:} 9... e6 10. Bg5 h6 11. Bf4 Nh5 12. Be3 Nf6 13. Qd2 Kh7 14. Qd3 {½-½ (60) Funk,P (2159)-Oelze,J (1854) Badenweiler 2009}) 10. Re1 Bb7 11. Bf4 e6 12. Bg5 h6 1/2-1/2

[Event "CHN-ch Rapid Women 2017"]
[Site "Shenzhen"]
[Date "2017.12.07"]
[Round "6"]
[White "Zhai, Mo"]
[Black "Zhu, Jiner"]
[Result "1/2-1/2"]
[WhiteElo "2302"]
[BlackElo "2324"]
[Annotator "TA"]
[PlyCount "117"]
[EventDate "2017.??.??"]
[EventType "rapid"]
[EventCountry "CHN"]
[SourceTitle "playchess.com"]
[Source "ChessBase"]
[SourceQuality "1"]

{[%evp 31,117,31,65,34,72,-10,66,0,56,-3,71,-22,64,68,61,56,94,86,93,91,81,66,100,86,154,39,101,91,127,128,136,-100,0,0,8,0,9,0,1,0,98,0,0,-13,0,-377,16,39,116,149,179,182,156,162,160,6,5,-18,-20,-134,-58,-55,-55,-56,-58,-58,-77,-131,-58,-52,-52,-46,-31,-40,-38,-641,-105,-590,-568,-1930,-1585,-975,-33,-35,0,0,0,-18]} 1. c4 Nf6 2. Nc3 e6 3. d4 b6 4. e4 d6 5. Nf3 Bb7 6. Bd3 c5 7. O-O cxd4 8. Nxd4 Be7 9. Be3 Nbd7 10. f3 O-O 11. Rc1 a6 12. Qd2 Qc7 13. b3 Rac8 14. Qf2 Qb8 15. Rfd1 Rfe8 16. Bf1 Bd8 {LiveBook: 24 Partien} 17. g3 {A31: Englische Eröffnung (Symmetrische Variante)} (17. Kh1 Bc7 18. Qh4 Ne5 19. Bg1 Ng6 20. Qf2 h5 21. Nc2 d5 22. exd5 exd5 23. Nxd5 Nxd5 24. cxd5 Bf4 {1-0 (68) Dervishi,E (2552)-Shchekachev,A (2534) Paris 2017}) 17... Be7 18. Bg2 (18. g4 $16) 18... Nc5 $146 (18... d5 $11) ({Vorgänger:} 18... Bd8 19. Bh3 Ne5 20. Nde2 Ba8 21. Nd4 Nc6 22. Nxc6 Bxc6 23. Nd5 Nd7 24. Nb4 Bb7 25. Bf4 Ne5 26. Qd4 {0-1 (24) Henderson,J (2185)-Kataev,S (2385) Tel Aviv 1994}) 19. Bf1 {Weiß steht etwas besser.} Ncd7 20. Rc2 (20. g4 $14) 20... Bf8 (20... d5 $11) 21. Rdc1 ({Lieber} 21. g4 $16) 21... Qa8 (21... d5 $11 22. exd5 exd5) 22. g4 $14 h6 23. h4 $1 g6 24. g5 hxg5 25. hxg5 Nh5 26. Bh3 Ne5 27. Rd1 Rcd8 (27... Rc7 $142) 28. Nde2 (28. Rcd2 $16) 28... d5 (28... b5 $1 $14) 29. f4 $16 ({Schlechter ist} 29. Bxb6 dxe4 30. Rxd8 Rxd8 $17) 29... Nd7 30. cxd5 exd5 31. Nxd5 $2 (31. e5 $16 {bleibt auf Kurs.}) 31... Rxe4 (31... Nc5 $1 $17 {[%cal Rc5e4]} 32. Bxc5 Bxc5 33. Rxc5 bxc5) 32. Nec3 $11 ({Nur nicht} 32. Nxb6 $2 Nxb6 33. Rxd8 Qxd8 $19) 32... Rxe3 33. Nxe3 Nc5 {Und ...Sd3 würde nun gewinnen.} 34. Rcd2 Rxd2 35. Rxd2 Bg7 (35... Qb8 $1 $11 {bleibt in der Remisbreite.} 36. Ng4 Ne6 37. Nh6+ Kh7 38. Bxe6 Bc5) 36. Ned1 (36. Ned5 $16) 36... Qb8 37. f5 Nf4 38. Bg4 $2 {[%mdl 8192]} (38. Qe3 $1 $11) 38... Ncd3 $2 (38... Nfd3 $19 39. Qh2 Be5) 39. Qe3 Bf8 (39... Ne5 $1 $14 40. Rf2 (40. Qxf4 $2 Nf3+ 41. Qxf3 Bxf3 $19) 40... Nfd3 41. fxg6 Nxf2 42. gxf7+ Nxf7 43. Nxf2 Nxg5) 40. Ne4 $16 Qe5 41. Nf6+ (41. Rxd3 $2 Bxe4 42. Rd8 gxf5 $17) 41... Kg7 42. Qxe5 Nxe5 43. fxg6 $2 ({Besser ist} 43. Ne8+ $16 Kg8 44. Kh2) 43... Kxg6 $11 {Droht stark ...Lc5+.} 44. Nf2 Bc5 $36 {[%mdl 2048] Schwarz drückt.} 45. Kf1 (45. Nd7 $11 {hält das Gleichgewicht.} Nxd7 46. Rxd7) 45... Kxg5 (45... Bg2+ $1 $17 46. Kg1 Kxg5) 46. N2e4+ Bxe4 $1 47. Nxe4+ Kxg4 48. Nxc5 bxc5 49. Rd6 a5 (49... f5 $1 $17 50. Rxa6 Nh5) 50. Ra6 $15 Nfd3 51. Rxa5 f5 52. Ra8 f4 {Und weiter mit ...Sc1 wäre nett.} 53. Ke2 $2 {[%mdl 8192]} (53. a4 $15) 53... Kf5 $2 (53... f3+ $19 54. Ke3 f2) 54. Rc8 $2 {[%mdl 8192]} (54. Kd2 $17 {leistet mehr Widerstand.}) 54... Ke4 $19 55. a4 {[#]} f3+ $1 56. Kd2 {[#]} f2 $2 ({Günstiger ist} 56... Nc1 $1 $19 {[%mdl 512] ( -> ...f2)} 57. Rf8 (57. Kxc1 f2) 57... Nxb3+ 58. Kc3 Na5) 57. Ke2 $15 Nc1+ 58. Kxf2 Nxb3 59. Ke2 {Precision: Weiß = 28%, Schwarz = 28%.} 1/2-1/2

[Event "CHN-ch Rapid Women 2017"]
[Site "Shenzhen"]
[Date "2017.12.07"]
[Round "6"]
[White "Xu, Huahua"]
[Black "Gu, Tianlu"]
[Result "1/2-1/2"]
[WhiteElo "2222"]
[BlackElo "2197"]
[Annotator "TA"]
[PlyCount "54"]
[EventDate "2017.??.??"]
[EventType "rapid"]
[EventCountry "CHN"]
[SourceTitle "playchess.com"]
[Source "ChessBase"]
[SourceQuality "1"]

{[%evp 19,54,0,0,-7,-15,0,38,-6,-12,-8,0,0,0,-12,-15,-16,0,0,0,0,0,0,0,0,0,0,0,0,0,0,0,0,0,0,0,0,0]} 1. c4 e5 2. Nc3 g6 3. g3 Bg7 4. Bg2 Ne7 5. d3 O-O 6. e3 {A21: English Opening: 1...e5 2 Nc3} c6 {[%cal Bc7c6,Bc6d5][%mdl 32]} 7. Nge2 (7. e4 d6 8. Nge2 a6 9. a4 a5 10. Be3 Na6 11. O-O Be6 12. b3 d5 13. exd5 cxd5 {0-1 (33) Rozum,I (2586)-Andreikin,D (2705) Sochi 2017}) 7... d5 8. cxd5 cxd5 9. d4 exd4 $146 ({Predecessor:} 9... e4 10. f3 exf3 11. Bxf3 Be6 12. Nf4 Qd7 13. O-O Nbc6 {1-0 (46) Lith,R-Renet,J Dieren 1979}) 10. Nxd4 Nbc6 {LiveBook: 19 Games} 11. O-O Nxd4 12. exd4 Qb6 13. Nxd5 (13. Bg5 {feels hotter.} Nc6 14. Nxd5 Qxd4 15. Qxd4 Bxd4 16. Rfe1) 13... Nxd5 {The position is equal.} 14. Bxd5 Bh3 15. Bg2 Bxg2 16. Kxg2 Bxd4 17. Bh6 Bg7 18. Bxg7 Kxg7 19. b3 Qc6+ 20. Qf3 Rac8 21. Rfe1 Qxf3+ 22. Kxf3 $11 {[%mdl 4096] Endgame KRR-KRR} Rc3+ 23. Kg2 Rfc8 24. Re7 R8c7 25. Rae1 Kf6 26. Rxc7 Rxc7 27. Re2 h5 {Precision: White = 84%, Black = 68%.} 1/2-1/2

[Event "CHN-ch Rapid Women 2017"]
[Site "Shenzhen"]
[Date "2017.12.07"]
[Round "6"]
[White "Kuang, Yinghui"]
[Black "Wang, Jue"]
[Result "1-0"]
[WhiteElo "2220"]
[BlackElo "2359"]
[Annotator "TA"]
[PlyCount "97"]
[EventDate "2017.??.??"]
[EventType "rapid"]
[EventCountry "CHN"]
[SourceTitle "playchess.com"]
[Source "ChessBase"]
[SourceQuality "1"]

{[%evp 18,97,-10,-42,-31,-52,-57,-55,-36,-58,-55,-68,-45,-20,-33,-42,0,0,0,0,0,-67,-69,-86,-79,-192,-72,-167,-86,-110,-99,-93,-83,-104,-63,-68,-68,-67,-41,-57,-56,-43,-22,-72,-70,-101,-95,-172,-165,-168,-128,-149,-66,-59,-66,-200,-203,-496,-51,-100,0,-7,0,0,0,0,0,0,0,0,0,0,0,0,0,-10,480,475,29991,29992,29993,29994]} 1. e4 c5 2. d3 Nc6 3. g3 d5 4. Nd2 Nf6 5. Bg2 e5 6. Ngf3 Be7 7. O-O O-O 8. exd5 Nxd5 9. Re1 f6 {A08: King's Indian Attack} 10. Nc4 {LiveBook: 3 Games} (10. c3 Nc7 11. Qe2 Bg4 12. h3 Bh5 13. a4 Ne6 14. Nc4 Rc8 15. Bd2 Bg6 16. Bf1 Bh5 17. Bg2 {0-1 (46) Bitensky,I (2362)-Laznicka,V (2657) Pardubice 2015}) 10... Bg4 11. Ne3 Nxe3 {Black is slightly better.} 12. Bxe3 Qd7 13. Qd2 $146 ({Predecessor:} 13. c3 Rfd8 14. Qb3+ Be6 15. Qb5 Rac8 16. Rad1 b6 17. Rd2 {0-1 (57) Zaitseva,V (1716)-Vysotskiy,E (1883) LSS email 2012}) 13... Rad8 14. a4 a5 15. Qc3 b6 16. Nd2 $1 Kh8 17. Nc4 Qc7 18. f4 Nd4 19. Bxd4 ({Better is} 19. fxe5 $11 fxe5 20. Bxd4 cxd4 21. Qb3) 19... cxd4 $15 20. Qb3 Bb4 21. Rf1 (21. fxe5 $17 {is the only way for White.} Bxe1 22. Rxe1) 21... Be6 (21... exf4 $1 $19 22. Rxf4 f5) 22. Rf2 (22. f5 $17 Bf7 23. Qa2) 22... Rc8 (22... exf4 $1 $19 23. Rxf4 Bd2 $1 {[%mdl 512]}) 23. Raf1 exf4 24. Rxf4 Rfd8 {[%cal Re6c4]} 25. R4f2 Bxc4 26. dxc4 d3 27. Kh1 dxc2 28. Rxc2 Rd4 {[%cal Rd4c4]} 29. Qe3 Bc5 30. Qe2 Qd7 31. Qh5 Qxa4 32. Re2 (32. Qf5 $17 {was necessary.} Re8 33. Bd5) 32... Qxc4 $19 33. Re8+ Bf8 34. b3 Qc7 (34... Qc2 $17 35. Qf7 Rxe8 36. Qxe8 Qc5) 35. Be4 $15 {[%csl Ge4][%cal Rh5h7]} g6 36. Rxc8 (36. Bxg6 $1 $15 Rxe8 37. Bxe8) 36... Qxc8 $19 (36... gxh5 $2 {loses.} 37. Rxc7 Rxe4 38. Rxf6 $18) 37. Bxg6 $2 (37. Qf3) 37... Qc6+ $2 (37... Qb7+ $19 38. Rf3 Rd2 39. Bxh7 Qxh7 40. Qxh7+ Kxh7 41. Rxf6 Bc5) 38. Rf3 $15 {[%csl Gg6][%cal Rh5h7] [#]} Rd7 (38... Bh6 $1 $17 {[%mdl 512]} 39. Kg2 (39. Qxh6 Qxf3+) 39... Rd2+ 40. Kh3 Qe6+ 41. Bf5 Qe2) 39. Bf5 $40 {[%mdl 128] White mounts an attack.} Re7 40. Kg2 Qe8 41. Qh4 Qc6 42. Bd3 Rd7 43. Be4 Rd2+ 44. Kh3 {[%csl Ge4][%cal Rh4h7]} Qe6+ 45. Bf5 {[%csl Gf5][%cal Rh4h7]} Qf7 46. Re3 {Strongly threatening Re8!} Rd6 $2 {[%mdl 8192] [#]} (46... Rf2 $11 {and Black has nothing to worry.} 47. Bd3 h6) 47. Re8 $1 $18 {[%mdl 512] White wants to mate with Qh6!} h5 {[#]} (47... Rd7 $18) (47... Qxe8 48. Qxh7#) 48. Rxf8+ $1 {[%mdl 512]} Qxf8 49. Qxh5+ {Precision: White = 29%, Black = 38%.} 1-0

[Event "CHN-ch Rapid Women 2017"]
[Site "Shenzhen"]
[Date "2017.12.07"]
[Round "6"]
[White "Wang, Doudou"]
[Black "Chu, Ruotong"]
[Result "1/2-1/2"]
[WhiteElo "2191"]
[BlackElo "2166"]
[Annotator "NA RC"]
[PlyCount "88"]
[EventDate "2017.??.??"]
[EventType "rapid"]
[EventCountry "CHN"]
[SourceTitle "playchess.com"]
[Source "ChessBase"]
[SourceQuality "1"]
[TimeControl "900+10"]

1. Nf3 Nf6 2. b3 g6 3. Bb2 Bg7 4. e3 O-O 5. Be2 d5 6. O-O c5 7. d4 Ne4 8. Nbd2 Nc6 9. Bd3 Bf5 10. Qe2 Nb4 11. a3 Nxd3 12. cxd3 Nxd2 13. Qxd2 cxd4 14. Bxd4 Bxd4 (14... f6 $15) 15. Nxd4 Qd7 16. Rfc1 Rfc8 17. h3 b6 18. a4 Rxc1+ $11 19. Rxc1 Rc8 20. Rc3 Rxc3 21. Qxc3 Qc8 22. Qxc8+ Bxc8 23. Nc6 Kf8 24. Nxa7 Bd7 25. d4 Ke8 26. Kf1 Kd8 27. Ke2 Kc7 28. Kf3 Kb7 29. Nb5 Bxb5 30. axb5 Kc7 31. e4 e6 32. exd5 exd5 33. Kf4 f6 34. h4 Kd6 35. Kg4 Ke6 36. f3 h6 37. Kf4 f5 38. g4 Kf6 39. Kg3 Ke6 40. Kf4 Kf6 41. Kg3 Ke6 42. Kf4 Kf6 43. Kg3 Ke6 44. Kh3 f4 1/2-1/2

[Event "CHN-ch Rapid Women 2017"]
[Site "Shenzhen"]
[Date "2017.12.07"]
[Round "6"]
[White "Zhao, Shengxin"]
[Black "Zhang, Lanlin"]
[Result "1/2-1/2"]
[WhiteElo "2183"]
[BlackElo "2183"]
[Annotator "TA"]
[PlyCount "52"]
[EventDate "2017.??.??"]
[EventType "rapid"]
[EventCountry "CHN"]
[SourceTitle "playchess.com"]
[Source "ChessBase"]
[SourceQuality "1"]

{[%evp 22,52,13,33,80,47,50,36,65,13,46,0,0,-15,0,-14,-12,-43,-32,-51,-43,-46,-42,-46,-47,-40,-50,-64,-66,-60,-62,-57,-50]} 1. e4 c5 2. Nf3 d6 3. d4 cxd4 4. Nxd4 Nf6 5. Nc3 a6 6. Be2 e5 7. Nb3 Be7 8. O-O O-O 9. Qd3 Nc6 {B92: Sicilian Najdorf: 6 Be2} (9... Be6 10. Bd2 Nbd7 11. Nd5 Bxd5 12. exd5 Nc5 13. Nxc5 dxc5 14. c4 Bd6 15. Qh3 e4 16. f4 exf3 17. Rxf3 Qd7 {½-½ (28) Nepomniachtchi,I (2751)-Karjakin,S (2773) Saint Louis 2017}) 10. Nd5 Be6 11. a3 Bxd5 12. exd5 {LiveBook: 3 Games} Na5 $146 ({Predecessor:} 12... e4 13. Qe3 Nxd5 14. Qxe4 Nf6 15. Qf5 g6 16. Qd3 Ne5 {½-½ (46) Coplin,L (2387)-Alderisio,P (2428) ICCF email 2014}) 13. Nxa5 Qxa5 14. c4 Rac8 15. Bg5 (15. b4 $14 Qd8 16. Re1) 15... Qc7 16. Bxf6 Bxf6 17. Rac1 Qe7 18. Qe4 Bg5 $36 {[%mdl 2048] Black is more active.} 19. Rcd1 f5 {Black is slightly better.} 20. Qc2 {[#]} b5 $1 {[%mdl 512]} 21. Qb3 (21. cxb5 Rxc2) 21... bxc4 22. Bxc4 Rb8 23. Qc2 a5 24. b3 g6 25. Rb1 Rfc8 26. Qe2 Kg7 {Precision: White = 38%, Black = 36%.} 1/2-1/2

[Event "CHN-ch Rapid Women 2017"]
[Site "Shenzhen"]
[Date "2017.12.07"]
[Round "6"]
[White "Ning, Kaiyu"]
[Black "Shen, Yang"]
[Result "1-0"]
[WhiteElo "2169"]
[BlackElo "2465"]
[Annotator "TA"]
[PlyCount "57"]
[EventDate "2017.??.??"]
[EventType "rapid"]
[EventCountry "CHN"]
[SourceTitle "playchess.com"]
[Source "ChessBase"]
[SourceQuality "1"]

{[%evp 17,57,-28,-10,-3,22,30,43,3,0,0,19,0,0,-64,-52,-32,-32,-45,0,-34,-14,-20,0,0,0,0,66,58,83,81,87,86,227,209,412,0,766,758,29997,29998,29998,29999]} 1. Nf3 d5 2. c4 d4 3. g3 c5 4. d3 Nc6 5. Bg2 e5 6. O-O Nf6 7. Bg5 Be7 {A09: Réti Opening: 1 Nf3 d5 2 c4} 8. e3 O-O 9. exd4 cxd4 {LiveBook: 4 Games. Black has an edge.} 10. Re1 (10. Nbd2 h6 11. Bxf6 Bxf6 12. a3 a5 13. Ne1 {½-½ (47) Kramnik,V (2810)-Caruana,F (2757) Zuerich 2013}) 10... Nd7 $146 ({Predecessor:} 10... Qc7 11. Nbd2 h6 12. Bxf6 Bxf6 13. a3 a5 14. c5 Be6 {0-1 (29) Pavlovic,M (2475)-Smirnov,P (2624) Warsaw 2005}) 11. Bxe7 Qxe7 12. Nbd2 a5 13. Nh4 Ra6 14. Nf5 Qf6 15. g4 (15. Nh4 $11) 15... Nc5 $15 16. Ne4 $1 {[%cal Re4f6]} Nxe4 17. Bxe4 Bxf5 (17... g6 {with more complications.} 18. Ng3 Nd8 19. Qe2 Ne6 20. Bg2 Nf4) 18. Bxf5 g6 19. Be4 Nd8 20. Qf3 Qg5 21. Qg3 Rb6 ({Black should play} 21... Rf6 $11) 22. Bd5 $14 Rxb2 23. Rxe5 Qd2 24. Rae1 Rxa2 (24... Qb4 $16) 25. Re8 Ne6 $2 {[#]} (25... g5 26. Rxf8+ Kxf8 27. Qd6+ Kg7 28. Qe5+ Kg8) 26. Rxf8+ $2 (26. R1xe6 $18 Qxf2+ 27. Qxf2 Rxf2 28. R6e7) 26... Nxf8 $4 {[%mdl 8192]} (26... Kxf8 $11 27. Rxe6 fxe6 28. Qd6+ Kg7 29. Qe7+ Kh6 30. Qh4+ Kg7 31. Qe7+ Kh6 32. Qh4+ Kg7 33. Qe7+) 27. Re7 $18 Rb2 28. Bxf7+ Kg7 29. Bd5+ {Precision: White = 74%, Black = 21%.} 1-0

[Event "CHN-ch Rapid Women 2017"]
[Site "Shenzhen"]
[Date "2017.12.07"]
[Round "6"]
[White "Yuan, Ye"]
[Black "Hong, Xing"]
[Result "1/2-1/2"]
[WhiteElo "2159"]
[BlackElo "2017"]
[Annotator "TA"]
[PlyCount "51"]
[EventDate "2017.??.??"]
[EventType "rapid"]
[EventCountry "CHN"]
[SourceTitle "playchess.com"]
[Source "ChessBase"]
[SourceQuality "1"]

{[%evp 23,51,75,84,15,41,13,10,2,31,26,45,48,73,57,80,79,98,99,95,97,93,64,77,66,68,10,4,30,31,-14]} 1. d4 {[%cal Bd2d4,Bd4e5][%mdl 32]} Nf6 2. c4 e5 3. dxe5 Ng4 4. Bf4 g5 5. Bg3 Bg7 6. Nf3 Nc6 7. Nc3 Ngxe5 8. Nxe5 Nxe5 9. e3 d6 10. c5 {A52: Budapest Gambit} (10. h4 g4 11. h5 Bf5 12. Bh4 Bf6 13. Bxf6 Qxf6 14. Nd5 Qd8 15. Qd4 c6 16. Nc3 Qf6 17. O-O-O Ke7 {½-½ (38) Sunilduth Lyna,N (2481)-Savchenko,B (2567) Olongapo City 2015}) 10... dxc5 11. Qxd8+ Kxd8 12. O-O-O+ Bd7 {LiveBook: 3 Games} 13. Ne4 ({Better is} 13. h4 $16) 13... Ke7 $11 14. Nxg5 Bc6 15. f3 h6 16. Nh3 {[%cal Bg5h3,Bh3f4,Bf4h5][%mdl 32]} Rhd8 $146 {Threatening ...Rxd1+.} ({Predecessor:} 16... Rad8 17. Be2 Ba4 {1-0 (37) Saunders,S-Robertshaw,A ICCF email 1999}) 17. Be2 Rd6 18. Nf4 Rad8 19. Nh5 Rxd1+ 20. Rxd1 Rxd1+ 21. Kxd1 Bh8 22. Kc2 Bd5 23. b3 c4 24. Bf4 (24. Bh4+ $14 Kd6 25. e4) 24... cxb3+ 25. axb3 Nc6 26. Bc4 {Precision: White = 42%, Black = 60%.} 1/2-1/2

[Event "CHN-ch Rapid Women 2017"]
[Site "Shenzhen"]
[Date "2017.12.08"]
[Round "7"]
[White "Huang, Qian"]
[Black "Ni, Shiqun"]
[Result "1/2-1/2"]
[WhiteElo "2438"]
[BlackElo "2441"]
[Annotator "TA"]
[PlyCount "128"]
[EventDate "2017.??.??"]
[EventType "rapid"]
[EventCountry "CHN"]
[SourceTitle "playchess.com"]
[Source "ChessBase"]
[SourceQuality "1"]

{[%evp 12,128,35,31,62,20,70,79,101,125,129,118,125,129,117,114,125,62,62,62,71,35,52,17,24,16,29,10,43,40,31,19,38,37,31,12,13,15,14,12,19,0,11,0,5,0,18,0,0,0,0,0,0,0,21,16,44,52,45,67,94,94,101,89,284,288,254,270,287,144,144,144,144,144,144,144,144,144,677,0,0,0,176,163,172,168,205,170,166,166,337,128,192,91,73,0,0,0,89,91,84,0,0,0,0,0,0,0,73,0,0,0,0,0,0,0,0,0,0]} 1. Nf3 d5 2. d4 Nf6 3. c4 dxc4 4. Nc3 e6 5. e4 c5 6. Bxc4 cxd4 7. Nxd4 {LiveBook: 17 Games} Qc7 {D24: Queen's Gambit Accepted: 3 Nf3 Nf6 4 Nc3} 8. Bb3 a6 9. O-O Be7 $146 {White is better.} ({Predecessor:} 9... Bb4 10. Bg5 Nbd7 11. Bxe6 fxe6 12. Bxf6 {1-0 (20) Vovk,Y (2594)-Nikcevic,N (2452) Cappelle-la-Grande 2013}) 10. Re1 Nc6 11. Nxc6 bxc6 12. e5 $1 {[%cal Re5f6]} Nd5 13. Qg4 $1 {[%cal Rg4g7]} Kf8 14. Bd2 ({White should try} 14. Bg5 $16) 14... h5 $14 15. Qf3 Nxc3 16. Qxc3 (16. Bxc3 {feels hotter.} Kg8 17. Rad1 Bb7 18. Bc2 c5 19. Be4) 16... Bb7 17. Be3 c5 18. Rac1 {[%cal Re3c5]} Rc8 19. f3 h4 20. h3 $1 g6 21. Red1 Kg7 22. Rd6 Rhd8 23. Rxd8 Qxd8 24. Rd1 Qc7 25. Bc4 Rd8 26. Re1 Rd7 27. Rc1 Qd8 28. Be2 Rd5 29. Bc4 Rd1+ 30. Kf2 Rxc1 31. Qxc1 Qc7 32. Qc3 Qd8 33. Ke2 Bg5 34. Bxc5 Bf4 35. Be3 Qg5 36. Bxf4 Qxf4 37. b3 $36 {[%mdl 2048] Keeping Black busy.} Kh7 $2 (37... Qg5 $16 38. Kf2 Qd8) 38. Qe3 $1 $18 {[%cal Re3f4]} Qg3 39. Kf1 Kg8 40. Be2 ({White must play} 40. b4 $1 $18) 40... a5 $16 41. a3 {[%cal Ba2a3,Ba3b4,Bb4b5,Bb5b6][%mdl 32]} Bd5 42. b4 axb4 43. axb4 Qh2 44. b5 Qh1+ $2 {[%mdl 8192]} (44... Kg7 $16 45. b6 Bb7) 45. Kf2 $2 (45. Qg1 $18 Qxg1+ 46. Kxg1) 45... Qa1 $1 $11 46. Qf4 Qb2 $2 (46... Qa7+ $11 {and Black stays safe.} 47. Qe3 Qa1) 47. Qxh4 $18 Qxe5 48. Qb4 Bb7 49. b6 Qd5 50. Qc3 Qd6 $2 (50... Qa2 {is a better defense.} 51. Qc7 Bd5 52. Qc8+ Kg7 53. Qc3+ Kh7) 51. Qe3 $2 (51. Qc7 $18 {and the rest is easy.} Qd5 52. Kg3) 51... Qb4 (51... e5 $16 {keeps fighting.} 52. Bc4 Qb4) 52. Bd3 (52. f4 $1 $18) 52... Qb2+ $16 53. Kg1 Qa1+ 54. Kf2 {And now Qc5 would win.} Qb2+ $1 55. Kg3 {aiming for Qc5.} Qc3 {[#]} 56. Kf2 (56. Qf4 $1 $16 {[%cal Rf4b8]} e5 57. Qc4) 56... Qb2+ $1 $11 57. Kg1 Qa1+ 58. Kf2 Qb2+ $1 59. Kg3 (59. Kg1 $11) 59... Qc3 $1 $16 {[#]} 60. Kf2 (60. Qf4 $1 $16 {[%cal Rf4b8] Qb8+ is the strong threat.} e5 61. Qc4) 60... Qb2+ $1 $11 {The position is equal.} 61. Kg1 Qa1+ 62. Kh2 {Threatens to win with Qc5.} Qc3 63. Qe2 Qd4 64. Be4 Qxb6 {Precision: White = 44%, Black = 50%.} 1/2-1/2

[Event "CHN-ch Rapid Women 2017"]
[Site "Shenzhen"]
[Date "2017.12.08"]
[Round "7"]
[White "Wang, Jue"]
[Black "Guo, Qi"]
[Result "1/2-1/2"]
[WhiteElo "2359"]
[BlackElo "2396"]
[Annotator "NA"]
[PlyCount "42"]
[EventDate "2017.??.??"]
[EventType "rapid"]
[EventCountry "CHN"]
[SourceTitle "playchess.com"]
[Source "ChessBase"]
[SourceQuality "1"]
[TimeControl "900+10"]

1. e4 e5 2. Nf3 Nc6 3. Bb5 Nf6 4. d3 Bc5 5. Bxc6 dxc6 6. Nbd2 {C65: Ruy Lopez: Berlin Defence (3...Nf6), unusual lines and 4 0-0 Bc5} Be6 7. O-O Nd7 {LiveBook: 48 Games} 8. Nb3 Be7 9. d4 Bd6 $146 ({Predecessor:} 9... f6 10. Na5 Rb8 11. dxe5 Nxe5 12. Qxd8+ Kxd8 13. Nxe5 fxe5 {1-0 (47) Ivanchuk,V (2710)-Bacrot,E (2692) Ashdod 2015}) 10. Na5 Qc8 11. dxe5 Nxe5 12. Nxe5 Bxe5 13. f4 Bg4 14. Qd3 Bd6 15. f5 f6 16. Qc4 $14 (16. Bf4 $16) 16... Bh5 17. Qb3 Rb8 18. Be3 Bf7 19. Qc3 Ra8 20. Nc4 O-O 21. Nxd6 cxd6 1/2-1/2

[Event "CHN-ch Rapid Women 2017"]
[Site "Shenzhen"]
[Date "2017.12.08"]
[Round "7"]
[White "Zhu, Jiner"]
[Black "Zhang, Xiaowen"]
[Result "1-0"]
[WhiteElo "2324"]
[BlackElo "2332"]
[Annotator "NA"]
[PlyCount "69"]
[EventDate "2017.??.??"]
[EventType "rapid"]
[EventCountry "CHN"]
[SourceTitle "playchess.com"]
[Source "ChessBase"]
[SourceQuality "1"]
[TimeControl "900+10"]

1. b3 e5 2. Bb2 d6 3. c4 Nf6 4. Nc3 g6 5. Nf3 Bg7 6. e3 O-O 7. d4 exd4 8. Nxd4 Nc6 9. Be2 Re8 10. Nxc6 bxc6 11. Bf3 Bd7 12. O-O a5 13. Qd2 Qb8 14. Rad1 Qb4 15. Qc1 Qc5 16. Rfe1 Qg5 17. Ne2 Rab8 18. Nd4 Rb6 19. Ba3 c5 20. Nb5 Bg4 21. Bxg4 Nxg4 22. h3 Nxf2 23. Kxf2 Be5 24. Re2 Re6 25. Ke1 Bg3+ 26. Kd2 Bf2 27. Kd3 Qxg2 28. Nc3 d5 29. cxd5 Rbd6 30. Bxc5 Rxd5+ 31. Nxd5 Qxd5+ 32. Bd4 Qe4+ 33. Kd2 Bxe3+ 34. Rxe3 Qxd4+ 35. Ke2 1-0

[Event "CHN-ch Rapid Women 2017"]
[Site "Shenzhen"]
[Date "2017.12.08"]
[Round "7"]
[White "Xiao, Yiyi"]
[Black "Xu, Huahua"]
[Result "1-0"]
[WhiteElo "2311"]
[BlackElo "2222"]
[Annotator "ChessBase"]
[PlyCount "126"]
[EventDate "2017.??.??"]
[EventType "rapid"]
[EventCountry "CHN"]
[SourceTitle "playchess.com"]
[Source "ChessBase"]
[SourceQuality "1"]
[TimeControl "900+10"]

1. d4 Nf6 2. c4 g6 3. g3 Bg7 4. Bg2 d6 5. Nf3 O-O 6. O-O Nc6 7. Nc3 Re8 8. d5 Na5 9. Nd2 c5 10. Qc2 a6 11. b3 b5 12. cxb5 axb5 13. Nxb5 Bb7 14. Bb2 Nxd5 15. Bxg7 Kxg7 16. Rfd1 Nc7 17. Qb2+ f6 18. Bxb7 Nxb7 19. Nxc7 Qxc7 20. Nc4 Na5 21. Ne3 Nc6 22. Nd5 Qa5 23. h4 Nb4 24. Nf4 Qa3 25. Qc3 Ra7 26. Ne6+ Kh8 27. Qd2 Nxa2 28. Qh6 Rg8 29. Nf8 Rg7 30. Ne6 Rg8 31. h5 Qxb3 32. hxg6 Rxg6 33. Qh3 Qb8 34. Nf4 Rg5 35. Rdb1 Qa8 36. Qh6 c4 37. Ne6 Rg6 38. Qd2 c3 39. Qc2 f5 40. Nf4 Rg7 41. Ne6 Rg6 42. Nf4 Rg7 43. Qxf5 e5 44. Nh5 Rgf7 45. Qd3 d5 46. Qe3 Qe8 47. Nf6 Qd8 48. Ng4 Rfe7 49. Qg5 Qf8 50. Nxe5 c2 51. Rc1 Nxc1 52. Rxc1 Rac7 53. Qh5 Qf6 54. Ng4 Qf7 55. Qg5 Rxe2 56. Qd8+ Re8 57. Qd6 Rd7 58. Qb6 Rf8 59. Ne5 Qe7 60. Nxd7 Qxd7 61. Rxc2 d4 62. Rc7 Qg4 63. Qb1 Qh5 1-0

[Event "CHN-ch Rapid Women 2017"]
[Site "Shenzhen"]
[Date "2017.12.08"]
[Round "7"]
[White "Zhai, Mo"]
[Black "Kuang, Yinghui"]
[Result "1-0"]
[WhiteElo "2302"]
[BlackElo "2220"]
[Annotator "NA"]
[PlyCount "71"]
[EventDate "2017.??.??"]
[EventType "rapid"]
[EventCountry "CHN"]
[SourceTitle "playchess.com"]
[Source "ChessBase"]
[SourceQuality "1"]
[TimeControl "900+10"]

1. d4 d5 2. c4 e6 3. Nf3 Nf6 4. Bg5 Be7 5. e3 $11 {LiveBook: 423 Games} h6 6. Bxf6 Bxf6 7. Nc3 O-O 8. Rc1 b6 9. Be2 Bb7 10. cxd5 exd5 11. O-O c6 12. Re1 Nd7 13. Qc2 Be7 14. a3 a5 15. Bd3 b5 16. Bf5 Nb6 17. a4 b4 18. Ne2 Bd6 19. b3 Bc8 20. Ng3 Bxg3 21. hxg3 Qf6 22. Bd3 Bb7 23. Ne5 c5 24. Qxc5 Rfc8 25. Qb5 Rd8 26. Rc7 Ba6 27. Qc6 Qxc6 28. Rxc6 Bxd3 29. Nxd3 Nd7 30. Rec1 Nf6 31. f3 Re8 32. Kf2 Kf8 33. Rc7 Re7 34. Ne5 Ne8 35. Nd7+ Kg8 36. Nf6+ 1-0